1054 1736 1228 1892 1449 1264 1380 1506 1531 1127 1783 1147 1090 1492 1329 1337 1538 1395 1375 1049 1556 1305 1391 1919 1230 1780 1962 1915 1916 1628 1410 1628 1039 1714 1311 1239 1077 1803 1357 1392 1768 1600 1097 1781 1921 1257 1375 1278 1910 1829 1756 1087 1614 1302 1612 1558 1866 1109 1672 1977 1300 1923 1119 1088 1193 1249 1987 1782 1226 1571 1779 1218 1285 1607 1219 1549 1817 1193 1673 1966 1199 1815 1550 1786 1680 1615 1485 1102 1161 1728 1292 1900 1749 1046 1375 1289 1226 1762 1700 BCNSPRNW ULIB Ver.6.0+V

เปลี่ยนเป็นภาษาไทย

Change to English
 แสดงรายละเอียดบรรณานุกรม
  กลับหน้าหลัก

Brief Record : Get Marc (ISO 2709) : E-mail record : QR code < ปิดหน้าต่าง
LEADER : 00000nam 2200000uu 4500
001    13399124065
003     ULIB
008    150109s2555||||th 000 0 tha d
020    ^a9789749510438
060  4 ^aWR100^bป493ร
100 0  ^aปรียา กุลละวณิชย์,^eบรรณาธิการ
245 00 ^aตำราโรคผิวหนังในเวชปฏิบัติปัจจุบัน =^bDermatology 2020 /^cบรรณาธิการ: ปรียา กุลละวณิชย์, ประวิตร พิศาลบุตร
246 31 ^aDermatology 2020
250    ^aพิมพ์ครั้งที่ 1
260    ^aกรุงเทพฯ :^bโฮลิสติก พับลิชชิ่ง,^c2555
300    ^a906 หน้า :^bภาพประกอบ
505 0  ^a^aEczema and contact dermatitis -- Occupational skin diseases -- Facial dermatitis -- Erythema -- Cutaneous adverse drug reactions -- Cutaneous small vessel vascultis -- Cutaneous manifestation of connective tissue diseases -- Photobiology and photomedicine -- Vesiculobullous diseases - Papulosquamous disorders -- Pigmentary disorders -- The diseases of sebaceous glands:acne -- Granulomatous dermatitis: a clinicopathologic correlation -- Malignant skin tumors -- Viral infections of the skin -- Bacterial infections of the skin -- Superficial and cutaneous mycoses -- Subcutaneous mycoses -- mycobacterial infections of the skin -- Leprosy (Hansen^'s disease) -- Sexually transmitted diseases -- Parasitic infestations of the skin -- Genodermatoses -- Skin changes and diseases in pregnancy -- Aging and geriatric dermatology -- Diseases of metabolism -- Dermatologic manifestations in systemic diseases -- Pruritus and systemic diseases -- The Skin and the mind -- Nali disorders -- Diseases of hair and hair follicles -- Oral mucous membrane lesions -- Diseases of male genitalia -- Dermatologic diagnosis -- Skin biopsy -- Basic dermatopathology -- Topical and systemic treatments -- Sunsreens -- Antihistamines -- Systemic glucocorticoids -- Immunotherapy, stem cell and gene therapy in dermatology -- Systemic retinoids -- Laser applications in dermatology -- Fillers -- Physical procedures for treating acne, acne scar, and melasma -- Botulinum toxin in dermatology -- Alternative medicine in dermatology^b^c
650  7 ^aผิวหนัง^xโรค
650  7 ^aผิวหนัง, วิทยาโรค
650  7 ^aผิวหนัง, โรค^xการวินิจฉัย
650  7 ^aผิวหนัง, โรค^xการรักษา
700 0  ^aประวิตร พิศาลบุตร,^eบรรณาธิการ
945    ^p2700^l0^i038040
945    ^p2700^l0^i038041
945    ^p2700^l0^i038042
945    ^p2700^l0^i038043
999    ^aเกษร โพธิ์สุวรรณ
รายการนี้ยังไม่มีแท็ก
คุณยังไม่ได้ล็อกอิน คุณสามารถมีกิจกรรมร่วมกับเว็บไซต์ได้ แต่ต้องล็อกอินก่อน ::
  ล็อกอิน

รายการสื่อสารสนเทศ

ลำดับที่ ประเภท เลขเรียก/บาร์โค้ด สถานที่ สถานะ
1. วิทยาศาสตร์การแพทย์ และสุขภาพ
หนังสือสำรอง
สถานะ=หนังสือสำรอง
WR100 ป493ร ฉ.1 
  Barcode: 038040
ห้องสมุดวิทยาเขตสวรรค์ประชารักษ์
►ส่วนจัดเก็บหนังสือเก่า สปร
บนชั้น
  ขอยืม
2. วิทยาศาสตร์การแพทย์ และสุขภาพ
วิทยาศาสตร์การแพทย์ และสุขภาพ
WR100 ป493ร ฉ.2 
  Barcode: 038041
ห้องสมุดวิทยาเขตสวรรค์ประชารักษ์
►ส่วนจัดเก็บหนังสือเก่า สปร
บนชั้น
  ขอยืม
3. วิทยาศาสตร์การแพทย์ และสุขภาพ
วิทยาศาสตร์การแพทย์ และสุขภาพ
WR100 ป493ร ฉ.3 
  Barcode: 038042
ห้องสมุดวิทยาเขตสวรรค์ประชารักษ์
►ส่วนจัดเก็บหนังสือเก่า สปร
บนชั้น
  ขอยืม
4. วิทยาศาสตร์การแพทย์ และสุขภาพ
วิทยาศาสตร์การแพทย์ และสุขภาพ
สถานะ=หาย
WR100 ป493ร ฉ.5 
  Barcode: 038043
ห้องสมุดวิทยาเขตสวรรค์ประชารักษ์
►หนังสือทั่วไป
บนชั้น

รายการใกล้เคียง
    หัวเรื่อง [ผิวหนัง, วิทยาโรค]

BibComment


ยังไม่เคยถูกคอมเมนท์

คอมเมนท์ทรัพยากรรายการนี้
  คอมเมนท์: ตำราโรคผิวหนังใน..


 Copyright 2026. Bcnsprnw @Library